| 000 | 00943nam a22002897a 4500 | ||
|---|---|---|---|
| 001 | 9370 | ||
| 003 | FISKH | ||
| 005 | 20251216081840.0 | ||
| 008 | 251216b cb ||||| |||| 00| 0 eng d | ||
| 020 | _a0439253926 | ||
| 040 |
_aFISKH _beng _cFISKH _dFISKH |
||
| 050 | _aPZ8.B7276 T | ||
| 082 | _a813.6 | ||
| 100 |
_aPrice, Hope Lynne _eAuthor |
||
| 245 |
_aThese hands / _cWritten by Hope Lynne Price ; Illustrated by Bryan Collier |
||
| 260 |
_aNew York : _bScholastic Inc. , _c1999 |
||
| 300 |
_a24 unnumbered pages : _bcolor illustrations ; _c23 cm |
||
| 505 | _aE | ||
| 520 | _aIllustrations and simple text describe some of the many things the hands of a young African American girl and her family can do. | ||
| 521 | 8 |
_a180
_bLexile |
|
| 521 | 8 |
_aE
_bRaz-Plus |
|
| 650 |
_aPicture book _vAll about me |
||
| 650 |
_aSelf-esteem _vIdentity |
||
| 700 |
_aCollier, Bryan _eIllustrator |
||
| 942 |
_2ddc _cBK _n0 |
||
| 999 |
_c9370 _d9370 |
||